Analýza a návrh databázy konkrétnej firmy bakalárska práca

Enregistré dans:
Détails bibliographiques
Auteur principal: Kaššovicová, Renáta
Collectivité auteur: Fakulta hospodárskej informatiky EU. Katedra aplikovanej informatiky
Autres auteurs: Pittner, Ján
Format: Livre
Langue:slovaque
Publié: Bratislava 2011
Tags: Ajouter un tag
Pas de tags, Soyez le premier à ajouter un tag!

MARC

LEADER 00000nbm a2200000 4500
001 0141040
005 20161109111730.2
041 0 |a slo 
044 |a SK 
245 1 0 |a Analýza a návrh databázy konkrétnej firmy  |b bakalárska práca  |c Renáta Kaššovicová ; školiteľ: Ján Pittner 
264 1 |a Bratislava  |c 2011 
300 |a 44 s. 
100 1 |a Kaššovicová, Renáta 
700 1 |a Pittner, Ján 
710 2 |a Fakulta hospodárskej informatiky EU. Katedra aplikovanej informatiky